| 000 | 00561nam a22001817a 4500 | ||
|---|---|---|---|
| 003 | CEME | ||
| 005 | 20210628203215.0 | ||
| 008 | 210119b xxu||||| |||| 00| 0 eng d | ||
| 020 | _a3-540-65903-X | ||
| 040 | _cceme | ||
| 082 | _a629.244 LEC | ||
| 100 |
_aNaunheimer , Harald , Lechner, Gisbert _963977 |
||
| 245 | _aAutomotive transmissions , fundamentals, selection, design and application | ||
| 260 |
_aNEW YORK _bSPRINGER _c1999 |
||
| 300 | _aXXII,448 P | ||
| 650 |
_aAUTOMOBILE- TRANSMISSION DEVICES.AUTOMOTIVE TRANSMISSIONS _963978 |
||
| 942 |
_cBK _2ddc |
||
| 999 |
_c572644 _d572644 |
||